Ponts célèbres - Statistiques

Statistiques générales
  • Ce quiz a été pris 97 fois
  • Le résultat moyen est 4 sur 15
Statistiques - réponses
Par images Réponse % Correct
Viaduc de Millau
87%
Tower Bridge
66%
Pont du Gard
59%
Golden Gate Bridge
58%
Brooklyn Bridge
53%
Pont Alexandre III
31%
Pont du Rialto
20%
Pont Charles
18%
Pont du 25 avril
12%
Harbour Bridge
10%
Pont Vasco de Gama
5%
Dragon Bridge
4%
Tianjin Eye
1%
Pont de Donghai
0%
Puente de la Mujer (Pont de la Femme)
0%
Aucun quiz correspondant
Distribution des résultats
% des personnes avec chaque résultat
Percentile par nombre de réponses
Votre historique - résultats
Vous n’avez pas pris ce quiz